000 00235nam a2200097Ia 4500
008 220204s9999 xx 000 0 und d
082 _a338.45(540)
_bPRO
245 0 _aProfile of Indian industry
260 _aNew Delhi
_c1972
942 _cBK
999 _c22185
_d22185